Normal view
MARC view
Entry Corporate Name
001 - CONTROL NUMBER
- control field: 8587
003 - CONTROL NUMBER IDENTIFIER
- control field: OSt
005 - DATE AND TIME OF LATEST TRANSACTION
- control field: 20211028145701.0
008 - FIXED-LENGTH DATA ELEMENTS
- fixed length control field: 211028|| aca||aabn | a|a d
040 ## - CATALOGING SOURCE
- Original cataloging agency: OSt
- Transcribing agency: OSt
110 ## - HEADING--CORPORATE NAME
- Corporate name or jurisdiction name as entry element: S Aravinda Prabhu
670 ## - SOURCE DATA FOUND
- Source citation: Work cat.: (OSt): Naik, Siddhant; Prabhu, S Aravinda. 131916 8586, Invoice and stock management system., 2015